[Event "Pan American-ch U16 Girls"]
[Site "Guayaquil"]
[Date "2019.07.24"]
[Round "6"]
[White "Wang, Isabelle"]
[Black "Arriaga, Rodriguez Wanda"]
[Result "1/2-1/2"]
[WhiteElo "1440"]
[BlackElo "1537"]
[PlyCount "132"]
[EventDate "2019.07.21"]
[EventType "swiss"]
[EventRounds "9"]
[EventCountry "ECU"]
[SourceTitle "EXT 2020"]
[Source "ChessBase"]
[SourceDate "2019.10.17"]
[SourceVersion "1"]
[SourceVersionDate "2019.10.17"]
[SourceQuality "1"]

1. e4 e5 2. Nf3 Nc6 3. Nc3 Nf6 4. d4 exd4 5. Nxd4 Nxd4 6. Qxd4 d6 7. Bc4 Be7 8. 0-0 0-0 9. f4 b6 10. Kh1 Bb7 11. Bd3 Nd7 12. e5 dxe5 13. fxe5 Nc5 14. Qg4 Kh8 15. Bc4 Bc8 16. Qg3 Be6 17. Rd1 Qc8 18. Be2 Rd8 19. Be3 Nd7 20. Bd3 Nc5 21. Be2 Bf5 22. Rf1 Be6 23. a3 Nd7 24. Bd3 Nf8 25. Ne2 Ng6 26. Be4 Rb8 27. Nd4 Bh4 28. Qf3 Bg4 29. Qxf7 Nxe5 30. Qb3 Bf6 31. c3 c5 32. Nf5 Bxf5 33. Bxf5 Qc6 34. Qc2 h6 35. Bf4 Re8 36. Rad1 Rbd8 37. Be4 Rxd1 38. Rxd1 Qe6 39. Bf5 Qe7 40. Re1 Qf7 41. Qe4 Qe7 42. Qc2 Qd8 43. Rd1 Qe7 44. Re1 Qf7 45. Qe2 Qe7 46. Qh5 Qd8 47. Rf1 Bg5 48. Bxe5 Rxe5 49. Qg6 Qg8 50. h3 Bd2 51. Qd6 Re1 52. Rxe1 Bxe1 53. Qg6 Bd2 54. a4 Bc1 55. b3 Bb2 56. c4 Bd4 57. Bd3 Be3 58. Be4 Bd4 59. h4 Be3 60. g4 Bd2 61. g5 Be3 62. Kg2 Bd2 63. Kh1 Be3 64. Kg2 Bd2 65. Kh1 Be3 66. Kg2 Bd2 1/2-1/2

[Event "Pan American-ch U16 Girls"]
[Site "Guayaquil"]
[Date "2019.07.22"]
[Round "3"]
[White "Zhang, Cindy"]
[Black "Arriaga, Rodriguez Wanda"]
[Result "1-0"]
[WhiteElo "1800"]
[BlackElo "1537"]
[PlyCount "61"]
[EventDate "2019.07.21"]
[EventType "swiss"]
[EventRounds "9"]
[EventCountry "ECU"]
[SourceTitle "EXT 2020"]
[Source "ChessBase"]
[SourceDate "2019.10.17"]
[SourceVersion "1"]
[SourceVersionDate "2019.10.17"]
[SourceQuality "1"]

1. d4 d5 2. Bf4 c6 3. e3 Nf6 4. c4 Bf5 5. Nc3 e6 6. Qb3 Qb6 7. c5 Qxb3 8. axb3 Nbd7 9. h3 Be7 10. b4 0-0 11. b5 Ne4 12. Nf3 f6 13. Nh4 Bg6 14. Nxg6 hxg6 15. Nxe4 dxe4 16. Bc4 Kf7 17. bxc6 bxc6 18. b4 Nb8 19. Ke2 Rd8 20. Rhb1 Rd7 21. b5 Rb7 22. b6 g5 23. Bg3 g6 24. bxa7 Raxa7 25. Rxa7 Rxb1 26. Bd6 Rb2+ 27. Ke1 Rb1+ 28. Kd2 Ke8 29. Rxe7+ Kd8 30. Bxe6 Na6 31. Rf7 1-0